La vie, passionnément

Kaydedildi:
Detaylı Bibliyografya
Yazar: Delanoë, Bertrand
Materyal Türü: Kitap
Dil:İngilizce
Baskı/Yayın Bilgisi: Pocket 2005
Etiketler: Etiketle
Etiket eklenmemiş, İlk siz ekleyin!

MARC

LEADER 00000nam a2200000 4500
005 20231207221313.0
008 231207b |||||||| |||| 00| 0 eng d
020 |a 226615608X 
040 |c C 
100 |a Delanoë, Bertrand 
245 |a La vie, passionnément 
260 |b Pocket  |c 2005 
942 |2 ddc  |c BK  |n 0 
952 |0 0  |1 0  |2 ddc  |4 0  |6 324_244000000000000_DEL_LAV  |7 1  |9 367  |a GE  |b GE  |d 2015-12-02  |l 0  |o 324.244 DEL LAV  |p 2781  |r 2023-12-07 22:14:02  |w 2023-12-07  |y BK 
999 |c 267  |d 267